000 00455pab a2200157 454500
008 180718b2005 xxu||||| |||| 00| 0 eng d
100 _aGunasekaran, N. et al.
245 _aImproving the quality and productivity using six sigma methodology: a case study
260 _c2005
300 _ap.297-306.
362 _aJul-Dec
650 _aSmall scale industry - Case studies
650 _aSmall scale industry
773 _aProductivity
909 _a71372
999 _c71372
_d71372